000 00286nam a22001337a 4500
008 181017b xxu||||| |||| 00| 0 eng d
020 _a9781461465034
041 _aeng
080 _a159.9
100 _a48
101 _aPSI
245 _aMaking the DSM-5
_cParis,J
942 _2udc
_cBK
999 _c50058
_d50058